| 000 | 00786nam a2200253Ia 4500 | ||
|---|---|---|---|
| 003 | OSt | ||
| 005 | 20220926004224.0 | ||
| 006 | a|||||r|||| 00| 0 | ||
| 007 | ta | ||
| 008 | 220923b |||||||| |||| 00| 0 eng d | ||
| 037 | _cGeneral Book | ||
| 040 |
_aRTL _cRTL _beng |
||
| 041 |
_2eng _aeng |
||
| 082 | _aX:8:(D6,9(B), N1 | ||
| 100 |
_aBhatnagar S C _9308556 |
||
| 245 | 0 |
_aComputers and information management _b A primer for practising managers. |
|
| 250 | _a2ed | ||
| 260 |
_a New Delhi _bPrentice-Hall of India India _c1991 |
||
| 300 |
_axi, 184p. Bib p176-79, Appendix p14-75 _ccm. |
||
| 650 |
_aManagement _930681 |
||
| 700 |
_a Ramani K V _9308557 |
||
| 942 |
_hX:8:(D6,9(B), N1 _cGB _2CC |
||
| 999 |
_c610215 _d610215 |
||